[Event "UKR-ch U14 Girls"]
[Site "Chernivtsi"]
[Date "2017.02.08"]
[Round "9"]
[White "Degtyaryova, Sofia"]
[Black "Diachek, Alina"]
[Result "1/2-1/2"]
[WhiteElo "1605"]
[BlackElo "1608"]
[PlyCount "66"]
[EventDate "2017.02.01"]
[EventType "tourn"]
[EventRounds "11"]
[EventCountry "UKR"]
[SourceTitle "CBM 176 Extra"]
[Source "ChessBase"]
[SourceDate "2017.03.02"]
[SourceVersion "1"]
[SourceVersionDate "2017.03.02"]
[SourceQuality "1"]

1. d4 Nf6 2. Nc3 e6 3. e4 Bb4 4. Bg5 h6 5. Bxf6 Qxf6 6. Nf3 0-0 7. a3 Ba5 8. b4 Bb6 9. Na4 d6 10. Be2 Bd7 11. Nxb6 axb6 12. 0-0 Nc6 13. c3 Qg6 14. e5 dxe5 15. b5 Nb8 16. Nxe5 Qg5 17. f4 Qe7 18. Qb3 Be8 19. f5 exf5 20. Rxf5 Kh8 21. Bc4 f6 22. Nd3 Bg6 23. Rf3 Nd7 24. a4 Qd6 25. Re1 Rae8 26. Rfe3 Rxe3 27. Rxe3 Re8 28. Rxe8+ Bxe8 29. Bd5 Bg6 30. Nb4 Qf4 31. h3 Qc1+ 32. Kh2 Qf4+ 33. Kg1 Qc1+ 1/2-1/2

[Event "UKR-ch U14 Girls"]
[Site "Chernivtsi"]
[Date "2017.02.03"]
[Round "4"]
[White "Diachek, Alina"]
[Black "Romanyuk, Lidiya"]
[Result "1/2-1/2"]
[WhiteElo "1608"]
[BlackElo "1650"]
[PlyCount "78"]
[EventDate "2017.02.01"]
[EventType "tourn"]
[EventRounds "11"]
[EventCountry "UKR"]
[SourceTitle "CBM 176 Extra"]
[Source "ChessBase"]
[SourceDate "2017.03.02"]
[SourceVersion "1"]
[SourceVersionDate "2017.03.02"]
[SourceQuality "1"]

1. d4 Nf6 2. c4 g6 3. Nc3 Bg7 4. e4 d6 5. Be2 0-0 6. Bg5 c5 7. d5 h6 8. Be3 Re8 9. Qd2 Kh7 10. Nf3 e6 11. 0-0 exd5 12. exd5 Ne4 13. Nxe4 Rxe4 14. Bd3 Re8 15. h3 Na6 16. a3 Nc7 17. Rab1 b6 18. Qc2 b5 19. b3 Bd7 20. Bc1 Rb8 21. Bb2 Bxb2 22. Rxb2 Qf6 23. Nh2 bxc4 24. Bxc4 Bf5 25. Qd2 Re4 26. Ra2 Nb5 27. Qa5 Nc3 28. Qxa7 Rbe8 29. Raa1 R8e7 30. Qa6 Qe5 31. Nf3 Qf4 32. Bd3 Ne2+ 33. Bxe2 Rxe2 34. Qc4 R7e4 35. Qc3 Re7 36. Qc4 R7e4 37. Qc3 Re7 38. Qc4 R7e4 39. Qxe2 Rxe2 1/2-1/2

[Event "UKR-ch U14 Girls"]
[Site "Chernivtsi"]
[Date "2017.02.01"]
[Round "1"]
[White "Hrebenshchykova, Yelyzaveta"]
[Black "Diachek, Alina"]
[Result "1-0"]
[WhiteElo "1636"]
[BlackElo "1608"]
[PlyCount "123"]
[EventDate "2017.02.01"]
[EventType "tourn"]
[EventRounds "11"]
[EventCountry "UKR"]
[SourceTitle "CBM 176 Extra"]
[Source "ChessBase"]
[SourceDate "2017.03.02"]
[SourceVersion "1"]
[SourceVersionDate "2017.03.02"]
[SourceQuality "1"]

1. e4 c5 2. Nf3 Nc6 3. d4 cxd4 4. Nxd4 e5 5. Nb5 a6 6. Nd6+ Bxd6 7. Qxd6 Qf6 8. Qd1 Qg6 9. Nc3 Nge7 10. Be3 0-0 11. Bc5 b6 12. Ba3 b5 13. Qd6 Re8 14. 0-0-0 Rb8 15. Qxg6 Nxg6 16. Bd6 Rb7 17. g3 Re6 18. Bh3 Rf6 19. Rhf1 b4 20. Na4 Nd4 21. Bc5 Nf3 22. Rh1 Rc6 23. Bg2 Ng5 24. Be3 Ne6 25. h4 Rbc7 26. Rd2 Ngf8 27. f4 d6 28. Rhd1 Nd7 29. Kb1 Kf8 30. c3 bxc3 31. Nxc3 Rb7 32. f5 Rxc3 33. fxe6 Rxe3 34. exd7 Rxd7 35. Rd3 Rxd3 36. Rxd3 Ke7 37. g4 Rc7 38. Bf3 Bb7 39. b3 Rc5 40. Kb2 Ke6 41. b4 Rc4 42. Kb3 Rc7 43. a4 Bc6 44. Ka3 Bd7 45. Bd1 Ke7 46. g5 Rc4 47. Re3 Bc6 48. Be2 Rxe4 49. Rxe4 Bxe4 50. Bxa6 Kd7 51. a5 Ba8 52. b5 e4 53. b6 Kc6 54. Kb4 f5 55. gxf6 gxf6 56. Bc8 Bb7 57. Bxb7+ Kxb7 58. Kb5 e3 59. a6+ Kb8 60. Kc6 e2 61. a7+ Ka8 62. Kc7 1-0

[Event "UKR-ch U14 Girls"]
[Site "Vinnytsia"]
[Date "2016.04.07"]
[Round "2"]
[White "Diachek, Alina"]
[Black "Vidruk, Mariya"]
[Result "1/2-1/2"]
[WhiteElo "1719"]
[BlackElo "1639"]
[PlyCount "99"]
[EventDate "2016.04.06"]
[EventType "tourn"]
[EventRounds "11"]
[EventCountry "UKR"]
[SourceTitle "CBM 171 Extra"]
[Source "ChessBase"]
[SourceDate "2016.04.26"]
[SourceVersion "1"]
[SourceVersionDate "2016.04.26"]
[SourceQuality "1"]

1. d4 Nf6 2. Nf3 e6 3. c4 Bb4+ 4. Bd2 a5 5. a3 Bxd2+ 6. Qxd2 d6 7. Nc3 Nbd7 8. e3 0-0 9. Be2 e5 10. dxe5 Nxe5 11. 0-0 Be6 12. Nxe5 dxe5 13. Qc2 Qe7 14. Rfd1 Rfd8 15. Ne4 Bf5 16. Nxf6+ Qxf6 17. Qc3 b6 18. f4 Re8 19. Bf3 Rab8 20. Rd5 Bg6 21. Rad1 exf4 22. Qxf6 gxf6 23. exf4 Bc2 24. R1d2 Be4 25. Bxe4 Rxe4 26. R5d4 Rbe8 27. Kf2 c5 28. Rxe4 Rxe4 29. b3 Rxf4+ 30. Ke1 Re4+ 31. Re2 Rd4 32. Rd2 Re4+ 33. Re2 Re6 34. Kd1 Kf8 35. Ke1 Ke7 36. Kf2 Re5 37. Re3 Kd6 38. Rd3+ Ke7 39. Re3 h5 40. g3 Ke6 41. Rf3 Rf5 42. Rxf5 Kxf5 43. Kf3 Ke5 44. Ke3 f5 45. h3 f4+ 46. gxf4+ Kf5 47. Kf3 h4 48. Ke3 Ke6 49. Ke4 f5+ 50. Kd3 1/2-1/2